1551 1049 1158 1952 1464 1669 1777 1012 1010 1462 1051 1617 1772 1094 1228 1619 1773 1679 1186 1203 1432 1213 1079 1702 1425 1153 1342 1779 1683 1567 1514 1690 1855 1218 2000 1691 1293 1640 1129 1462 1506 1029 1386 1963 1681 1980 1716 1482 1038 1611 1120 1469 1205 1787 1451 1889 1866 1806 1727 1320 1298 1603 1970 1584 1784 1045 1496 1319 1624 1036 1356 1032 1843 1472 1607 1977 1091 1919 1664 1068 1698 1353 1629 1896 1779 1328 1857 1355 1200 1267 1620 1712 1824 1773 1133 1936 1956 1024 1960 BCNSPRNW ULIB Ver.6.0+V

เปลี่ยนเป็นภาษาไทย

Change to English
 แสดงรายละเอียดบรรณานุกรม
  กลับหน้าหลัก

Brief Record : Get Marc (ISO 2709) : E-mail record : QR code < ปิดหน้าต่าง
LEADER : 00000nam 2200000uu 4500
001    13399126515
003     ULIB
008    181003s2561||||th 000 0 tha d
020    ^a9786164432093
060    ^aWY152^bศ499ก
100    ^aศิริอร สินธุ
245    ^aระบบสุขภาพเพื่อการดูแลผู้ป่วยโรคเรื้อรัง : Health system for caring patients with chronic illness
250    ^aพิมพ์ครั้งที่ 2
260    ^aกรุงเทพฯ :^bวัฒนาการพิมพ์,^c2561
300    ^a339 หน้า;^b21 ซม.
650    ^aการพยาบาล
650    ^aระบบการดูแล, โรคเรื้อรัง
650    ^aระบบสุขภาพ, โรคเรื้อรัง
945    ^p290^l0^i005100
945    ^p290^l0^i005101
945    ^p290^l0^i005102
945    ^p290^l0^i005103
945    ^p290^l0^i005098
945    ^p290^l0^i005099
945    ^p290^l0^i004684
999    ^aประนอม เกษจรัล
รายการนี้ยังไม่มีแท็ก
คุณยังไม่ได้ล็อกอิน คุณสามารถมีกิจกรรมร่วมกับเว็บไซต์ได้ แต่ต้องล็อกอินก่อน ::
  ล็อกอิน

รายการสื่อสารสนเทศ

ลำดับที่ ประเภท เลขเรียก/บาร์โค้ด สถานที่ สถานะ
1. Book การพยาบาล
หนังสือสำรอง
สถานะ=หนังสือสำรอง
WY152 ศ499ก ฉ.1 
  Barcode: 004684
ห้องสมุดวิทยาเขตสวรรค์ประชารักษ์
►หนังสือทั่วไป
บนชั้น
2. Book การพยาบาล
Book การพยาบาล
WY152 ศ499ก ฉ.2 
  Barcode: 005098
ห้องสมุดวิทยาเขตสวรรค์ประชารักษ์
►หนังสือทั่วไป
บนชั้น
3. Book การพยาบาล
Book การพยาบาล
WY152 ศ499ก ฉ.3 
  Barcode: 005099
ห้องสมุดวิทยาเขตสวรรค์ประชารักษ์
►หนังสือทั่วไป
บนชั้น
4. Book การพยาบาล
Book การพยาบาล
WY152 ศ499ก ฉ.4 
  Barcode: 005100
ห้องสมุดวิทยาเขตสวรรค์ประชารักษ์
►หนังสือทั่วไป
บนชั้น
5. Book การพยาบาล
Book การพยาบาล
WY152 ศ499ก ฉ.5 
  Barcode: 005101
ห้องสมุดวิทยาเขตสวรรค์ประชารักษ์
►หนังสือทั่วไป
บนชั้น
6. Book การพยาบาล
Book การพยาบาล
WY152 ศ499ก ฉ.6 
  Barcode: 005102
ห้องสมุดวิทยาเขตสวรรค์ประชารักษ์
►หนังสือทั่วไป
บนชั้น
7. Book การพยาบาล
Book การพยาบาล
WY152 ศ499ก ฉ.7 
  Barcode: 005103
ห้องสมุดวิทยาเขตสวรรค์ประชารักษ์
►หนังสือทั่วไป
บนชั้น

รายการใกล้เคียง
    ชื่อเรื่อง [ระบบสุขภาพเพื่อการดูแลผู้ป่วยโรคเรื้อรัง : Health system for caring patients with chronic illness]

    ผู้แต่ง [ศิริอร สินธุ]

    หัวเรื่อง [การพยาบาล]
    หัวเรื่อง [ระบบการดูแล, โรคเรื้อรัง]
    หัวเรื่อง [ระบบสุขภาพ, โรคเรื้อรัง]

BibComment


ยังไม่เคยถูกคอมเมนท์

คอมเมนท์ทรัพยากรรายการนี้
  คอมเมนท์: ระบบสุขภาพเพื่อก..


 Copyright 2026. Bcnsprnw @Library